[Event "Montcalm op"]
[Site "Quebec CAN"]
[Date "2013.01.04"]
[Round "1"]
[White "Bourassa, Andre"]
[Black "Sauve, Richard"]
[Result "0-1"]
[WhiteElo "1772"]
[BlackElo "1992"]
[PlyCount "82"]
[GameId "2160767909410964"]
[EventDate "2013.01.04"]
[EventType "swiss"]
[EventRounds "5"]
[EventCountry "CAN"]
[SourceTitle "EXT 2022"]
[Source "ChessBase"]
[SourceDate "2021.10.06"]
[SourceVersion "1"]
[SourceVersionDate "2021.10.06"]
[SourceQuality "1"]

1. d4 e6 2. c4 d5 3. Nc3 c6 4. e3 Bd6 5. Bd3 f5 6. f4 Nf6 7. Nf3 O-O 8. cxd5 exd5 9. O-O Ne4 10. Bxe4 fxe4 11. Ne5 Nd7 12. Nxd7 Bxd7 13. Qb3 Qb6 14. Qxb6 axb6 15. Bd2 Be6 16. Rfc1 Rf5 17. g4 Rf7 18. g5 h6 19. h4 hxg5 20. hxg5 g6 21. Kf2 Bg4 22. Ne2 Rh7 23. Rg1 Rh2+ 24. Kg3 Rxe2 25. Kxg4 Rxd2 26. f5 gxf5+ 27. Kxf5 Rf2+ 28. Kg6 Re8 29. Raf1 Re6+ 30. Kh5 Rxf1 31. Rxf1 Kg7 32. a4 Be7 33. Kg4 Bb4 34. Kf5 Re8 35. Rg1 Rf8+ 36. Ke6 Kg6 37. Rg2 Rf3 38. Kd7 Rxe3 39. Kc7 c5 40. Kd6 cxd4+ 41. Kxd5 d3 0-1

[Event "Montcalm op"]
[Site "Quebec CAN"]
[Date "2013.01.04"]
[Round "1"]
[White "Cournoyer, Dominic"]
[Black "Boulianne, Gabriel"]
[Result "1/2-1/2"]
[WhiteElo "1916"]
[BlackElo "1725"]
[PlyCount "51"]
[GameId "2160767909410965"]
[EventDate "2013.01.04"]
[EventType "swiss"]
[EventRounds "5"]
[EventCountry "CAN"]
[SourceTitle "EXT 2022"]
[Source "ChessBase"]
[SourceDate "2021.10.06"]
[SourceVersion "1"]
[SourceVersionDate "2021.10.06"]
[SourceQuality "1"]

1. c4 Nf6 2. Nf3 g6 3. g3 Bg7 4. Bg2 O-O 5. O-O d6 6. Nc3 Na6 7. b3 Nc5 8. d4 Nce4 9. Nxe4 Nxe4 10. Bb2 c5 11. Nd2 Nxd2 12. Qxd2 Qc7 13. Rfd1 Rb8 14. dxc5 dxc5 15. Bxg7 Kxg7 16. Qc3+ Kg8 17. Rd2 Bf5 18. Rad1 Rfd8 19. Rxd8+ Rxd8 20. Rd2 b6 21. Qc1 a5 22. Qd1 Rd6 23. h3 Qd8 24. Rxd6 Qxd6 25. Qxd6 exd6 26. e4 1/2-1/2

[Event "Montcalm op"]
[Site "Quebec CAN"]
[Date "2013.01.04"]
[Round "2"]
[White "Boulianne, Gabriel"]
[Black "Doyon, Stephane"]
[Result "1-0"]
[WhiteElo "1725"]
[BlackElo "1753"]
[PlyCount "85"]
[GameId "2160767909410966"]
[EventDate "2013.01.04"]
[EventType "swiss"]
[EventRounds "5"]
[EventCountry "CAN"]
[SourceTitle "EXT 2022"]
[Source "ChessBase"]
[SourceDate "2021.10.06"]
[SourceVersion "1"]
[SourceVersionDate "2021.10.06"]
[SourceQuality "1"]

1. d4 Nf6 2. c4 d6 3. Nc3 g6 4. e4 Bg7 5. f4 O-O 6. Nf3 c5 7. d5 e6 8. Bd3 exd5 9. cxd5 Bg4 10. h3 Bxf3 11. Qxf3 Nbd7 12. O-O a6 13. a4 Qc7 14. Be3 c4 15. Bc2 Nc5 16. Qf2 Nfd7 17. Rae1 Nd3 18. Bxd3 cxd3 19. Rc1 Nc5 20. Bxc5 dxc5 21. e5 Rfe8 22. Rfd1 c4 23. Qd4 Rab8 24. Ne4 b5 25. axb5 Rxb5 26. d6 Qb7 27. Rxc4 Rd5 28. Qc3 Qb6+ 29. Kh1 Qe3 30. Re1 Qb6 31. Rc6 Qb7 32. Rc7 Qa8 33. Rc1 d2 34. Rd1 Rb5 35. Nxd2 Qd5 36. Rc8 Rb8 37. Rxe8+ Rxe8 38. Qc7 Qa8 39. Rc1 Bh6 40. Rc4 Bf8 41. Ne4 Kg7 42. Ng5 Qd5 43. Rc5 1-0

[Event "Montcalm op"]
[Site "Quebec CAN"]
[Date "2013.01.05"]
[Round "2"]
[White "Boutin, Jean-Roger"]
[Black "Bourassa, Andre"]
[Result "0-1"]
[WhiteElo "1606"]
[BlackElo "1772"]
[PlyCount "128"]
[GameId "2160767909410967"]
[EventDate "2013.01.04"]
[EventType "swiss"]
[EventRounds "5"]
[EventCountry "CAN"]
[SourceTitle "EXT 2022"]
[Source "ChessBase"]
[SourceDate "2021.10.06"]
[SourceVersion "1"]
[SourceVersionDate "2021.10.06"]
[SourceQuality "1"]

1. Nf3 d5 2. d4 e6 3. g3 b6 4. Bg2 Bb7 5. a3 c5 6. e3 Nd7 7. O-O Ngf6 8. Nbd2 Qc7 9. dxc5 Nxc5 10. Nd4 Rd8 11. f4 Ba6 12. Re1 Rc8 13. b4 Nce4 14. Nxe4 Nxe4 15. Bb2 Nf6 16. Rc1 Bc4 17. Bf3 Be7 18. Be2 O-O 19. Bxc4 dxc4 20. c3 Rcd8 21. Qf3 a6 22. e4 Qb7 23. Kf2 Rd7 24. e5 Qxf3+ 25. Kxf3 Nd5 26. Rcd1 Rc8 27. a4 Bd8 28. Kf2 Ne7 29. Nf3 Rxd1 30. Rxd1 Kf8 31. Ke2 Bc7 32. Rd4 b5 33. axb5 axb5 34. Rd1 Ra8 35. Ra1 Rxa1 36. Bxa1 Bb6 37. Bb2 Nd5 38. Nd4 Nc7 39. Nf3 Ke8 40. h3 h6 41. Bc1 Nd5 42. Bd2 Kd7 43. Ne1 Kc6 44. Kf3 h5 45. Ng2 g6 46. g4 hxg4+ 47. hxg4 Bg1 48. Ke4 Bf2 49. f5 Bg3 50. Ne3 Bf4 51. fxg6 fxg6 52. Nxd5 Bxd2 53. Ne7+ Kd7 54. Nxg6 Bxc3 55. Nf4 Bxb4 56. Kd4 Ke7 57. Ne2 Kf7 58. Nf4 Bd2 59. Nh3 Kg6 60. Ke4 b4 61. Kd4 c3 62. Kd3 b3 63. Nf2 Be1 64. Ne4 c2 0-1

[Event "Montcalm op"]
[Site "Quebec CAN"]
[Date "2013.01.05"]
[Round "3"]
[White "Bourassa, Andre"]
[Black "Sarra-Bournet, Marc"]
[Result "0-1"]
[WhiteElo "1772"]
[BlackElo "1859"]
[PlyCount "62"]
[GameId "2160767909410968"]
[EventDate "2013.01.04"]
[EventType "swiss"]
[EventRounds "5"]
[EventCountry "CAN"]
[SourceTitle "EXT 2022"]
[Source "ChessBase"]
[SourceDate "2021.10.06"]
[SourceVersion "1"]
[SourceVersionDate "2021.10.06"]
[SourceQuality "1"]

1. d4 d5 2. c4 e6 3. Nc3 Nf6 4. e3 Nbd7 5. Nf3 c5 6. cxd5 exd5 7. Bd3 Be7 8. O-O O-O 9. b3 Nb6 10. Bb2 Bg4 11. Be2 Rc8 12. Rc1 c4 13. h3 Bf5 14. Nd2 cxb3 15. Qxb3 Qd7 16. g4 Nxg4 17. hxg4 Bxg4 18. f3 Bh3 19. Rf2 Rc6 20. Bd3 Rh6 21. Ne2 Qe6 22. Nf4 Qd6 23. Rh2 Bg5 24. Bf1 Bxf4 25. Rxh3 Bh2+ 26. Kh1 Rxh3 27. Bxh3 Qg3 28. Bg2 Qh4 29. Qd3 Nc4 30. Nxc4 dxc4 31. Qxc4 Bf4+ 0-1

[Event "Montcalm op"]
[Site "Quebec CAN"]
[Date "2013.01.05"]
[Round "3"]
[White "Lessard, Claude"]
[Black "Boulianne, Gabriel"]
[Result "1/2-1/2"]
[WhiteElo "1989"]
[BlackElo "1725"]
[PlyCount "82"]
[GameId "2160767909410969"]
[EventDate "2013.01.04"]
[EventType "swiss"]
[EventRounds "5"]
[EventCountry "CAN"]
[SourceTitle "EXT 2022"]
[Source "ChessBase"]
[SourceDate "2021.10.06"]
[SourceVersion "1"]
[SourceVersionDate "2021.10.06"]
[SourceQuality "1"]

1. d4 Nf6 2. Nf3 c5 3. g3 cxd4 4. Nxd4 e5 5. Nf3 Bc5 6. Bg2 O-O 7. O-O Nc6 8. Nc3 d5 9. Bg5 Be6 10. Bxf6 gxf6 11. Nh4 Ne7 12. e3 Qd7 13. e4 d4 14. Nd5 Nxd5 15. exd5 Bxd5 16. Bxd5 Qxd5 17. Nf5 Kh8 18. Re1 Rg8 19. c4 Qe6 20. Qf3 Rg5 21. Nh4 Rag8 22. Ng2 b6 23. a3 a5 24. Rab1 a4 25. Qd3 Qh3 26. Qf3 R8g6 27. Rbd1 h5 28. Re4 Rg4 29. Rde1 Kg7 30. Kh1 d3 31. Ne3 d2 32. Rd1 Rxe4 33. Qxe4 Bxe3 34. Qxe3 h4 35. Qxd2 hxg3 36. fxg3 Rxg3 37. Qf2 Rf3 38. Rg1+ Kf8 39. Qxb6 Ke7 40. Qb7+ Ke6 41. Qc8+ Ke7 1/2-1/2

[Event "Montcalm op 1 2013-14"]
[Site "Quebec CAN"]
[Date "2013.09.05"]
[Round "1"]
[White "Bourassa, Andre"]
[Black "Lessard, Claude"]
[Result "0-1"]
[WhiteElo "2136"]
[BlackElo "1696"]
[PlyCount "70"]
[GameId "2160767909229584"]
[EventDate "2013.09.05"]
[EventType "swiss"]
[EventRounds "5"]
[EventCountry "CAN"]
[SourceTitle "EXT 2022"]
[Source "ChessBase"]
[SourceDate "2021.10.06"]
[SourceVersion "1"]
[SourceVersionDate "2021.10.06"]
[SourceQuality "1"]

1. d4 Nf6 2. c4 e6 3. Nc3 Bb4 4. Qc2 O-O 5. e4 d5 6. e5 Ne4 7. Nf3 c5 8. dxc5 f5 9. cxd5 Qxd5 10. Be3 Nd7 11. Be2 Ndxc5 12. O-O Bxc3 13. bxc3 b6 14. Rfd1 Qc6 15. Rd4 Bb7 16. Rad1 Rac8 17. Ne1 Na6 18. Rc4 Qe8 19. f3 Nec5 20. Rcd4 Bc6 21. Qd2 Bb5 22. c4 Ba4 23. Rc1 Qc6 24. Bg5 Qc7 25. Rd6 Rfe8 26. Qb2 h6 27. Be3 Rcd8 28. Qd2 Nb7 29. Rxd8 Rxd8 30. Qb2 Nbc5 31. Rc3 Bd1 32. Bxd1 Rxd1 33. Rc1 Nd3 34. Qe2 Rxc1 35. Bxc1 Nxc1 0-1

[Event "Montcalm op 1 2013-14"]
[Site "Quebec CAN"]
[Date "2013.09.05"]
[Round "1"]
[White "Ripoll, Arthur"]
[Black "Plante, Rejean"]
[Result "1/2-1/2"]
[WhiteElo "1636"]
[BlackElo "1989"]
[PlyCount "83"]
[GameId "2160767909229585"]
[EventDate "2013.09.05"]
[EventType "swiss"]
[EventRounds "5"]
[EventCountry "CAN"]
[SourceTitle "EXT 2022"]
[Source "ChessBase"]
[SourceDate "2021.10.06"]
[SourceVersion "1"]
[SourceVersionDate "2021.10.06"]
[SourceQuality "1"]

1. e4 c5 2. Nf3 Nc6 3. d4 cxd4 4. Nxd4 Nf6 5. Nc3 e5 6. Ndb5 d6 7. Bg5 a6 8. Bxf6 gxf6 9. Na3 b5 10. Nd5 f5 11. Bd3 Be6 12. c4 b4 13. Nc2 fxe4 14. Bxe4 Rc8 15. O-O h5 16. Qf3 Be7 17. Nxe7 Nxe7 18. Qf6 Ng6 19. Qxd8+ Kxd8 20. b3 a5 21. a3 f5 22. Bb7 Rb8 23. Bc6 Kc7 24. Bb5 bxa3 25. Rxa3 d5 26. Rxa5 d4 27. Ra6 Nf4 28. Nb4 Rb6 29. Ra7+ Kd6 30. f3 Ne2+ 31. Kf2 Nc3 32. Nd3 Nxb5 33. cxb5 e4 34. fxe4 fxe4 35. Nf4 Rf8 36. g3 Bxb3 37. Rc1 e3+ 38. Ke2 Rd8 39. Rh7 Rxb5 40. Rh6+ Kd7 41. Rh7+ Kd6 42. Rh6+ 1/2-1/2

[Event "Montcalm op 1 2013-14"]
[Site "Quebec CAN"]
[Date "2013.09.12"]
[Round "2"]
[White "Boulianne, Gabriel"]
[Black "Bonneau, Daniel"]
[Result "0-1"]
[WhiteElo "1783"]
[BlackElo "2027"]
[PlyCount "48"]
[GameId "2160767909229586"]
[EventDate "2013.09.05"]
[EventType "swiss"]
[EventRounds "5"]
[EventCountry "CAN"]
[SourceTitle "EXT 2022"]
[Source "ChessBase"]
[SourceDate "2021.10.06"]
[SourceVersion "1"]
[SourceVersionDate "2021.10.06"]
[SourceQuality "1"]

1. e4 e6 2. d4 d5 3. Nc3 Nf6 4. Bg5 dxe4 5. Bxf6 gxf6 6. Nxe4 a6 7. c3 f5 8. Ng3 Nd7 9. Bc4 Nf6 10. Qe2 Be7 11. O-O-O b5 12. Bd3 Bb7 13. Bxb5+ Kf8 14. d5 axb5 15. dxe6 Qc8 16. Nh3 Qxe6 17. Qd2 Ne4 18. Nxe4 fxe4 19. Ng5 Qxa2 20. Rhe1 h6 21. Nxe4 Qa1+ 22. Kc2 Qa4+ 23. Kc1 Bxe4 24. Qd4 Qc2# 0-1

[Event "Montcalm op 1 2013-14"]
[Site "Quebec CAN"]
[Date "2013.09.12"]
[Round "2"]
[White "Cummins, Paul"]
[Black "Auger, Bertrand"]
[Result "0-1"]
[WhiteElo "1742"]
[BlackElo "1956"]
[PlyCount "86"]
[GameId "2160767909229587"]
[EventDate "2013.09.05"]
[EventType "swiss"]
[EventRounds "5"]
[EventCountry "CAN"]
[SourceTitle "EXT 2022"]
[Source "ChessBase"]
[SourceDate "2021.10.06"]
[SourceVersion "1"]
[SourceVersionDate "2021.10.06"]
[SourceQuality "1"]

1. e4 e6 2. d4 d5 3. Nd2 dxe4 4. Nxe4 Bd7 5. Nf3 Bc6 6. Bd3 Nd7 7. c3 Ngf6 8. Qc2 Be7 9. Be3 Bxe4 10. Bxe4 Nxe4 11. Qxe4 c6 12. O-O-O Nf6 13. Qc2 Qa5 14. Kb1 O-O 15. Ne5 Nd5 16. Bd2 Qa6 17. Qe4 Nf6 18. Qf3 Rad8 19. g4 Nd7 20. Rhe1 Nxe5 21. Rxe5 Rd5 22. Rxd5 cxd5 23. Bf4 Rc8 24. Qd3 Qc6 25. Re1 a5 26. Re3 a4 27. Rh3 g6 28. Be5 f6 29. Bf4 a3 30. b3 Bf8 31. Bd2 Bg7 32. f4 e5 33. f5 e4 34. Qe3 g5 35. Rg3 Bf8 36. h4 Bd6 37. Rh3 Bf4 38. Qe1 e3 39. Bc1 Qxc3 40. Rh1 Qd3+ 41. Ka1 Qxd4+ 42. Kb1 Qd3+ 43. Ka1 Be5+ 0-1

[Event "Montcalm op 1 2013-14"]
[Site "Quebec CAN"]
[Date "2013.09.12"]
[Round "2"]
[White "Cummins, Paul"]
[Black "Auger, Bertrand"]
[Result "0-1"]
[WhiteElo "1742"]
[BlackElo "1956"]
[PlyCount "78"]
[GameId "2160767909229588"]
[EventDate "2013.09.05"]
[EventType "swiss"]
[EventRounds "5"]
[EventCountry "CAN"]
[SourceTitle "EXT 2022"]
[Source "ChessBase"]
[SourceDate "2021.10.06"]
[SourceVersion "1"]
[SourceVersionDate "2021.10.06"]
[SourceQuality "1"]

1. d4 d5 2. Bf4 Nc6 3. Nf3 Bf5 4. c3 e6 5. e3 Bd6 6. Bxd6 cxd6 7. Qb3 Qd7 8. Bb5 h6 9. Nbd2 Nf6 10. O-O O-O 11. c4 Qc7 12. cxd5 Na5 13. Qa3 a6 14. Rac1 Qb6 15. Be2 exd5 16. Rc3 Rfc8 17. Rfc1 Rxc3 18. Rxc3 Qd8 19. h3 b5 20. b3 Qb6 21. Qc1 b4 22. Rc7 Ne8 23. Re7 Nc6 24. Rxe8+ Rxe8 25. Nh4 Bh7 26. Bf3 Ne7 27. g3 Rc8 28. Qd1 Rc2 29. Ng2 Qc6 30. Nc4 Qc7 31. e4 dxe4 32. Nge3 Rc3 33. Be2 d5 34. Qd2 dxc4 35. Bxc4 a5 36. d5 Qd6 37. Kg2 Nf5 38. Nf1 Qe5 39. d6 Qxd6 0-1

[Event "Montcalm op 1 2013-14"]
[Site "Quebec CAN"]
[Date "2013.09.12"]
[Round "2"]
[White "Dionne Ouellet, Emilie"]
[Black "Ripoll, Arthur"]
[Result "0-1"]
[WhiteElo "1022"]
[BlackElo "1636"]
[PlyCount "60"]
[GameId "2160767909229589"]
[EventDate "2013.09.05"]
[EventType "swiss"]
[EventRounds "5"]
[EventCountry "CAN"]
[SourceTitle "EXT 2022"]
[Source "ChessBase"]
[SourceDate "2021.10.06"]
[SourceVersion "1"]
[SourceVersionDate "2021.10.06"]
[SourceQuality "1"]

1. d4 e5 2. e3 e4 3. Nd2 d5 4. c4 c6 5. c5 f5 6. Be2 Nf6 7. Nh3 Be6 8. O-O b6 9. b4 a5 10. b5 bxc5 11. bxc6 Nxc6 12. Bb5 Bd7 13. dxc5 Bxc5 14. Nb3 Bd6 15. Qc2 Nb4 16. Qe2 O-O 17. Nd4 Ng4 18. Ba3 Bxb5 19. Ne6 Qe8 20. Nhf4 Bxe2 21. Rae1 Bxf1 22. Rxf1 Bxf4 23. Nxf4 Qa4 24. Ne6 Qxa3 25. Nxf8 Rxf8 26. f3 Qxe3+ 27. Rf2 Qe1+ 28. Rf1 Qe3+ 29. Rf2 Qxf2+ 30. Kh1 Qf1# 0-1

[Event "Montcalm op 1 2013-14"]
[Site "Quebec CAN"]
[Date "2013.09.12"]
[Round "2"]
[White "Lessard, Claude"]
[Black "Sarra-Bournet, Marc"]
[Result "1-0"]
[WhiteElo "2136"]
[BlackElo "1818"]
[PlyCount "149"]
[GameId "2160767909229590"]
[EventDate "2013.09.05"]
[EventType "swiss"]
[EventRounds "5"]
[EventCountry "CAN"]
[SourceTitle "EXT 2022"]
[Source "ChessBase"]
[SourceDate "2021.10.06"]
[SourceVersion "1"]
[SourceVersionDate "2021.10.06"]
[SourceQuality "1"]

1. d4 d5 2. c4 e6 3. Nf3 Nf6 4. g3 Be7 5. Bg2 O-O 6. O-O Nbd7 7. b3 c6 8. Nbd2 Re8 9. Bb2 Nf8 10. Qc2 Ng6 11. e4 dxe4 12. Ng5 c5 13. Ngxe4 cxd4 14. Nxf6+ Bxf6 15. Rad1 e5 16. Ne4 Be7 17. Nc3 Rb8 18. Nd5 Bf8 19. f4 Bg4 20. Rd2 Bc5 21. Kh1 exf4 22. gxf4 Nh4 23. Bxd4 Bxd4 24. Rxd4 Nxg2 25. Qxg2 Qh4 26. f5 Re1 27. Re4 Bf3 28. Nf6+ Qxf6 29. Qxf3 Rxf1+ 30. Qxf1 Qc6 31. Qf3 Rd8 32. Kg1 h6 33. Qe3 Rd1+ 34. Kf2 Qd6 35. Qg3 Qd2+ 36. Re2 Qc1 37. Qe3 Rf1+ 38. Kg3 Qxe3+ 39. Rxe3 Kf8 40. Rd3 Ke8 41. Kg4 Ra1 42. Rd2 Ke7 43. Kf4 Rf1+ 44. Ke5 Re1+ 45. Kd5 Kd7 46. b4 f6 47. Rg2 Re5+ 48. Kd4 Re7 49. a4 Kc7 50. c5 a6 51. b5 axb5 52. axb5 Rd7+ 53. Kc4 Re7 54. Kd5 Re5+ 55. Kd4 Re7 56. Ra2 Re5 57. Rg2 Re1 58. Rg4 Rd1+ 59. Kc4 Re1 60. Rd4 Re5 61. b6+ Kc8 62. Rf4 Kb8 63. Kb5 Kc8 64. Rg4 Rxf5 65. Rxg7 Rg5 66. Rh7 h5 67. Rc7+ Kb8 68. Rf7 Rg8 69. Rxf6 Rh8 70. h4 Kc8 71. c6 bxc6+ 72. Kxc6 Kb8 73. Kb5 Rh7 74. Ka6 Re7 75. Rf8+ 1-0

[Event "Montcalm op 1 2013-14"]
[Site "Quebec CAN"]
[Date "2013.09.19"]
[Round "3"]
[White "Auger, Bertrand"]
[Black "Lessard, Claude"]
[Result "1-0"]
[WhiteElo "1956"]
[BlackElo "2136"]
[PlyCount "51"]
[GameId "2160767909229592"]
[EventDate "2013.09.05"]
[EventType "swiss"]
[EventRounds "5"]
[EventCountry "CAN"]
[SourceTitle "EXT 2022"]
[Source "ChessBase"]
[SourceDate "2021.10.06"]
[SourceVersion "1"]
[SourceVersionDate "2021.10.06"]
[SourceQuality "1"]

1. Nf3 b5 2. g3 Bb7 3. Bg2 Nf6 4. O-O e6 5. b3 c5 6. c4 b4 7. d4 cxd4 8. Bb2 Bc5 9. Bxd4 Bxd4 10. Qxd4 Nc6 11. Qb2 O-O 12. Nbd2 d5 13. cxd5 exd5 14. Rfd1 Qe7 15. e3 a5 16. Nd4 Nxd4 17. Qxd4 h6 18. Rac1 a4 19. Qb6 Ra6 20. Qb5 axb3 21. axb3 Rfa8 22. Qd3 Ra2 23. Qd4 Ne8 24. Rc5 Nc7 25. Qxb4 Na6 26. Rc8+ 1-0

[Event "Montcalm op 1 2013-14"]
[Site "Quebec CAN"]
[Date "2013.09.19"]
[Round "3"]
[White "Bergeron, Marc"]
[Black "Dube, Daniel"]
[Result "1/2-1/2"]
[WhiteElo "1986"]
[BlackElo "1850"]
[PlyCount "110"]
[GameId "2160767909229593"]
[EventDate "2013.09.05"]
[EventType "swiss"]
[EventRounds "5"]
[EventCountry "CAN"]
[SourceTitle "EXT 2022"]
[Source "ChessBase"]
[SourceDate "2021.10.06"]
[SourceVersion "1"]
[SourceVersionDate "2021.10.06"]
[SourceQuality "1"]

1. c4 Nf6 2. g3 g6 3. Bg2 d5 4. cxd5 Nxd5 5. Nc3 Nxc3 6. bxc3 Bg7 7. Nf3 O-O 8. O-O c5 9. Qa4 Qc7 10. d4 Bd7 11. Qa3 cxd4 12. cxd4 Nc6 13. Bf4 Qa5 14. Qxa5 Nxa5 15. Rac1 Rac8 16. Bd2 Nc4 17. Bb4 b6 18. e3 a5 19. Bc3 b5 20. Ng5 b4 21. Ba1 Nd2 22. Rfd1 Rxc1 23. Rxc1 Rc8 24. Rxc8+ Bxc8 25. Bb2 h6 26. Bc1 Nb1 27. Ne4 Be6 28. d5 Bxd5 29. Nf6+ Bxf6 30. Bxd5 Nc3 31. Bc4 a4 32. Kf1 Ne4 33. Ke2 Nc5 34. Kd2 b3 35. axb3 axb3 36. Ba3 Ne4+ 37. Ke1 Bc3+ 38. Kd1 Nxf2+ 39. Ke2 Ng4 40. Bxb3 Nxh2 41. Bxe7 Kg7 42. Bd1 Be5 43. Kf2 h5 44. Bg5 Bc7 45. Bf4 Bxf4 46. exf4 Kf6 47. Kg2 Ng4 48. Bxg4 hxg4 49. Kf2 Kf5 50. Ke3 f6 51. Kd4 Ke6 52. Kc5 g5 53. fxg5 fxg5 54. Kd4 Kf6 55. Ke4 Ke6 1/2-1/2

[Event "Montcalm op 1 2013-14"]
[Site "Quebec CAN"]
[Date "2013.09.19"]
[Round "3"]
[White "Plante, Rejean"]
[Black "Bluteau, Yvon"]
[Result "1-0"]
[WhiteElo "1989"]
[BlackElo "1827"]
[PlyCount "83"]
[GameId "2160767909229594"]
[EventDate "2013.09.05"]
[EventType "swiss"]
[EventRounds "5"]
[EventCountry "CAN"]
[SourceTitle "EXT 2022"]
[Source "ChessBase"]
[SourceDate "2021.10.06"]
[SourceVersion "1"]
[SourceVersionDate "2021.10.06"]
[SourceQuality "1"]

1. d4 Nf6 2. c4 e6 3. Nf3 b6 4. g3 Bb7 5. Bg2 Be7 6. O-O O-O 7. b3 h6 8. Bb2 d6 9. a3 Nbd7 10. Nbd2 c5 11. Re1 Qc7 12. e4 Rfd8 13. d5 e5 14. Nf1 Nf8 15. Nh4 Ng6 16. Nf5 Bc8 17. h4 Bf8 18. h5 Ne7 19. N5e3 g6 20. hxg6 fxg6 21. f4 exf4 22. gxf4 Bg7 23. Bf3 Ng4 24. Bxg7 Nxe3 25. Nxe3 Kxg7 26. Qd2 Ng8 27. Qb2+ Kf8 28. e5 Qg7 29. Qh2 Bf5 30. Rad1 Ne7 31. Qg3 Rab8 32. Ng4 Bxg4 33. Bxg4 Nf5 34. Bxf5 gxf5 35. Qxg7+ Kxg7 36. exd6 h5 37. Re2 Rxd6 38. Re7+ Kh6 39. Rf7 Kg6 40. Rxa7 Kf6 41. Rh7 b5 42. Rh6+ 1-0

[Event "Montcalm op 1 2013-14"]
[Site "Quebec CAN"]
[Date "2013.09.19"]
[Round "3"]
[White "Sarra-Bournet, Marc"]
[Black "Dumont, Eric"]
[Result "1-0"]
[WhiteElo "1818"]
[BlackElo "1700"]
[PlyCount "65"]
[GameId "2160767909229595"]
[EventDate "2013.09.05"]
[EventType "swiss"]
[EventRounds "5"]
[EventCountry "CAN"]
[SourceTitle "EXT 2022"]
[Source "ChessBase"]
[SourceDate "2021.10.06"]
[SourceVersion "1"]
[SourceVersionDate "2021.10.06"]
[SourceQuality "1"]

1. e4 c6 2. d4 d5 3. Nd2 dxe4 4. Nxe4 Bf5 5. Ng3 Bg6 6. Nf3 Nf6 7. Ne5 e6 8. Nxg6 hxg6 9. Be3 Bd6 10. Qf3 Nd5 11. Bd2 Nd7 12. Ne4 Bc7 13. Bd3 N7f6 14. O-O-O Nxe4 15. Bxe4 Ba5 16. c3 Qe7 17. h3 O-O 18. h4 f5 19. Bxd5 cxd5 20. Bg5 Qf7 21. h5 gxh5 22. Rxh5 Qg6 23. Rdh1 Kf7 24. Qf4 Rac8 25. Qd6 Rc7 26. f4 Re8 27. Rh8 Ree7 28. Bxe7 Rxe7 29. Qb8 Kf6 30. Rf8+ Rf7 31. Rhh8 Qxg2 32. Rxf7+ Kxf7 33. Qe8+ 1-0

[Event "Montcalm op 1 2013-14"]
[Site "Quebec CAN"]
[Date "2013.09.26"]
[Round "3"]
[White "Bonneau, Daniel"]
[Black "Auger, Bertrand"]
[Result "0-1"]
[WhiteElo "2027"]
[BlackElo "1956"]
[PlyCount "96"]
[GameId "2160767909229596"]
[EventDate "2013.09.05"]
[EventType "swiss"]
[EventRounds "5"]
[EventCountry "CAN"]
[SourceTitle "EXT 2022"]
[Source "ChessBase"]
[SourceDate "2021.10.06"]
[SourceVersion "1"]
[SourceVersionDate "2021.10.06"]
[SourceQuality "1"]

1. d4 Nf6 2. Nf3 e6 3. c4 b6 4. a3 Bb7 5. Nc3 d5 6. cxd5 Nxd5 7. Qc2 Nxc3 8. bxc3 Be7 9. e4 O-O 10. Bd3 c5 11. Qe2 Nc6 12. Bb2 Qc7 13. d5 c4 14. Bxc4 Na5 15. Ba2 exd5 16. exd5 Bxa3 17. O-O Rfe8 18. Qc2 Bxb2 19. Qxb2 Nc4 20. Qb5 Nd6 21. Qd3 Qc5 22. Rfe1 Rac8 23. c4 Qa5 24. Bb3 Rxe1+ 25. Rxe1 Qb4 26. h4 Re8 27. Rxe8+ Nxe8 28. Bc2 h6 29. Qe4 Kf8 30. Nd4 Qe7 31. Qh7 Qe1+ 32. Kh2 Qe5+ 33. g3 Qxd4 34. Ba4 Qxf2+ 35. Kh1 Qe1+ 36. Kg2 Qd2+ 37. Kg1 Qc1+ 38. Kf2 Qd2+ 39. Kf1 Qc1+ 40. Kf2 Qb2+ 41. Bc2 Qd4+ 42. Kf3 Qc3+ 43. Bd3 Qf6+ 44. Ke3 Qe5+ 45. Kd2 Nf6 46. Qh8+ Ke7 47. d6+ Qxd6 48. Qxg7 Be4 0-1

[Event "Montcalm op 1 2013-14"]
[Site "Quebec CAN"]
[Date "2013.09.26"]
[Round "4"]
[White "Bourdeau, Yvan"]
[Black "Bourassa, Andre"]
[Result "0-1"]
[WhiteElo "1335"]
[BlackElo "1696"]
[PlyCount "82"]
[GameId "2160767909229597"]
[EventDate "2013.09.05"]
[EventType "swiss"]
[EventRounds "5"]
[EventCountry "CAN"]
[SourceTitle "EXT 2022"]
[Source "ChessBase"]
[SourceDate "2021.10.06"]
[SourceVersion "1"]
[SourceVersionDate "2021.10.06"]
[SourceQuality "1"]

1. e4 c5 2. Nf3 d6 3. d4 cxd4 4. Nxd4 Nf6 5. Nc3 a6 6. g3 Nc6 7. Bg2 e5 8. Nb3 Be7 9. O-O b5 10. a3 Be6 11. Nd5 Rc8 12. Be3 O-O 13. f4 Re8 14. f5 Bxd5 15. exd5 Na5 16. Nxa5 Qxa5 17. c3 Qc7 18. Rc1 Qb7 19. Rf2 Bd8 20. Rd2 e4 21. b3 Re5 22. c4 Bb6 23. c5 dxc5 24. d6 Rd8 25. Kh1 Rxf5 26. h3 Nd7 27. g4 Re5 28. Bf4 Ree8 29. Rd5 Ba7 30. Re5 Rxe5 31. Bxe5 Nxe5 32. d7 Rxd7 33. Qe2 Rd4 34. Re1 Qd5 35. Bxe4 Qxb3 36. Bxh7+ Kxh7 37. Qxe5 Qxh3+ 38. Kg1 Rxg4+ 39. Kf2 Qg2+ 40. Ke3 c4+ 41. Qd4 Bxd4# 0-1

[Event "Montcalm op 1 2013-14"]
[Site "Quebec CAN"]
[Date "2013.09.26"]
[Round "4"]
[White "Cummins, Paul"]
[Black "Lapierre, Gaetan"]
[Result "0-1"]
[WhiteElo "1742"]
[BlackElo "1847"]
[PlyCount "116"]
[GameId "2160767909229598"]
[EventDate "2013.09.05"]
[EventType "swiss"]
[EventRounds "5"]
[EventCountry "CAN"]
[SourceTitle "EXT 2022"]
[Source "ChessBase"]
[SourceDate "2021.10.06"]
[SourceVersion "1"]
[SourceVersionDate "2021.10.06"]
[SourceQuality "1"]

1. e4 d6 2. d4 Nf6 3. Nc3 g6 4. Be2 Bg7 5. Be3 O-O 6. h3 c6 7. Qd2 b5 8. Bf3 e5 9. Nge2 Nbd7 10. Bh6 Nb6 11. Bxg7 Kxg7 12. b3 Bb7 13. Ng3 Ng8 14. Rd1 Qe7 15. Nce2 a5 16. h4 Rfd8 17. h5 c5 18. d5 Rf8 19. O-O Bc8 20. hxg6 hxg6 21. Nc3 b4 22. Nb5 Ba6 23. Be2 Bxb5 24. Bxb5 Qh4 25. Rfe1 Nf6 26. Be2 Rh8 27. Bf3 Ng4 28. Bxg4 Qxg4 29. Qe3 f5 30. Qf3 Qxf3 31. gxf3 f4 32. Ne2 Rh5 33. Kf1 a4 34. Nc1 axb3 35. axb3 Rh1+ 36. Ke2 Rxe1+ 37. Rxe1 Rh8 38. Nd3 Ra8 39. Nc1 Ra1 40. Nd3 Rxe1+ 41. Kxe1 Kh6 42. Kf1 Kh5 43. Kg2 Kh4 44. Nc1 g5 45. Nd3 g4 46. fxg4 Kxg4 47. f3+ Kh4 48. Nf2 c4 49. bxc4 Nxc4 50. Nd3 Ne3+ 51. Kf2 Nxc2 52. Ke2 Kg3 53. Kd2 Nd4 54. Nxb4 Nxf3+ 55. Ke2 Ng5 56. Kd3 f3 57. Nc2 Kf4 58. Ne3 Nxe4 0-1